La contabilidad y los métodos analíticos (Registro nro. 9864)

Detalles MARC
000 -LEADER
fixed length control field 00339 a2200109 4500
001 - CONTROL NUMBER
control field ART_25909
005 - DATE AND TIME OF LATEST TRANSACTION
control field 20260410161603.0
008 - FIXED-LENGTH DATA ELEMENTS--GENERAL INFORMATION
fixed length control field 260409a
100 1# - MAIN ENTRY--PERSONAL NAME
Personal name García Casella, Carlos Luis
245 10 - TITLE STATEMENT
Title La contabilidad y los métodos analíticos
773 0# - HOST ITEM ENTRY
Title Profesional & Empresaria
Related parts - Año V, Nº 59 (ago. 2004)
Record control number REV70

No hay ítems disponibles.